Central Library, Doon University
WEBOPAC (ONLINE PUBLIC ACCESS CATALOGUE)

Speech and language processing (Record no. 60816)

MARC details
000 -LEADER
fixed length control field 00627nam a22002057a 4500
005 - DATE & TIME
control field 20260515164006.0
008 - FIXED-LENGTH DATA ELEMENTS--GENERAL INFORMATION
fixed length control field 260515b |||||||| |||| 00| 0 eng d
020 ## - ISBN
International Standard Book Number 9789332518414
Price 1380.00
040 ## - CATALOGING SOURCE
Original cataloging agency Doon University
041 ## - Language
Language English
082 ## - DDC NUMBER
Classification number 410.285
Book Number JUR
100 ## - MAIN ENTRY--PERSONAL NAME
Personal name Jurafsky, Daniel
245 ## - TITLE STATEMENT
Title Speech and language processing
Sub Title : An Introduction to Natural Language Processing Computational Linguistics and Speech Recognition
250 ## - EDITION STATEMENT
Edition statement 2nd
260 ## - PUBLICATION, DISTRIBUTION, ETC. (IMPRINT)
Place of publication, distribution, etc Noida
Name of publisher, distributor, etc Pearson
Date of publication, distribution, etc 2025
300 ## - PHYSICAL DESCRIPTION
Pages 940
650 ## - Subject
Subject Computer Science (PM (USHA)
700 ## - Added Entry Personal Name
Added Entry Personal Name Martin, James H.
942 ## - ADDED ENTRY ELEMENTS (KOHA)
Koha item type Books
100 ## - MAIN ENTRY--PERSONAL NAME
-- 23162
650 ## - Subject
-- 26808
700 ## - Added Entry Personal Name
-- 23163
952 ## - LOCATION AND ITEM INFORMATION (KOHA)
-- 2026-05-15
952 ## - LOCATION AND ITEM INFORMATION (KOHA)
-- 2026-06-04
952 ## - LOCATION AND ITEM INFORMATION (KOHA)
-- 2026-06-04
952 ## - LOCATION AND ITEM INFORMATION (KOHA)
-- 2026-06-04
Holdings
Withdrawn status Lost status Source of classification or shelving scheme Damaged status Not for loan Location (home branch) Sublocation or collection (holding branch) Date acquired Koha issues (times borrowed) Koha full call number Accession No. Koha date last seen Koha item type
        Not For Loan Doon University Doon University 15.05.2026   410.285 JUR 33174 15.05.2026 Reference
          Doon University Doon University 04.06.2026   410.285 JUR 34490 04.06.2026 Books
          Doon University Doon University 04.06.2026   410.285 JUR 34491 04.06.2026 Books
          Doon University Doon University 04.06.2026   410.285 JUR 34492 04.06.2026 Books
Contact : +91-135-2533126 (Library),+91-135-2533105 (Admin Office) , Email : doonlibrary@gmail.com

Powered by Koha